[Event "21.Wörishofen-Seniorenen op"]
[Site "Bad Wörishofen (03.03.-11.03)"]
[Date "2005.03.07"]
[Round "5.23"]
[White "Lange, Manfred,Dr[33Wzb]"]
[Black "Semmler, Guenter"]
[Result "0-1"]
[WhiteElo "1943"]
[BlackElo "1920"]
[PlyCount "58"]
[EventDate "2005.03.??"]
[Source "Chessorg"]
[SourceDate "2005.12.10"]

1. e4 d6 2. d4 Nf6 3. Nc3 e5 4. Nf3 Nbd7 5. Bc4 Be7 6. O-O O-O 7. a4 c6 8. Qe2
exd4 9. Nxd4 Ne5 10. Bb3 Re8 11. h3 Bf8 12. Re1 h6 13. a5 Qc7 14. Bf4 Bd7 15.
Bxe5 dxe5 16. Nf3 Red8 17. Nh4 Be8 18. Nf5 g6 19. Nh4 Kg7 20. Nf3 Bb4 21. a6 b5
22. Qe3 Rd7 23. Red1 Rad8 24. Rxd7 Rxd7 25. Rd1 Ba5 26. Rxd7 Nxd7 27. Ne2 Bb6
28. Qc3 f6 29. Ne1 Ba5 0-1

[Event "21.Wörishofen-Seniorenen op"]
[Site "Bad Wörishofen (03.03.-11.03)"]
[Date "2005.03.07"]
[Round "5.24"]
[White "Gehrmann, Rudolf-Rainer"]
[Black "Malin, Klaus"]
[Result "1/2-1/2"]
[WhiteElo "2017"]
[BlackElo "1691"]
[PlyCount "78"]
[EventDate "2005.03.??"]
[Source "Chessorg"]
[SourceDate "2005.12.10"]

1. c4 e6 2. Nc3 d5 3. cxd5 exd5 4. g3 Nf6 5. d4 c6 6. Bg2 Be7 7. Nf3 O-O 8. O-O
Nbd7 9. a3 b5 10. Qc2 Bb7 11. Re1 Re8 12. e4 dxe4 13. Ng5 h6 14. Ngxe4 Nxe4 15.
Nxe4 Nf6 16. Nxf6+ Bxf6 17. Rxe8+ Qxe8 18. Be3 Rd8 19. Qc5 a6 20. Rc1 Rc8 21.
Qf5 Qe6 22. Qh5 Rd8 23. Qc5 Rc8 24. Qc2 Qd6 25. Qc5 Qxc5 26. Rxc5 g5 27. Kf1
Kf8 28. Ke2 Ke7 29. h4 gxh4 30. gxh4 Bxh4 31. Bxh6 Bf6 32. Kd3 Rd8 33. Be3 Rd6
34. Kc3 a5 35. a4 b4+ 36. Kb3 Bxd4 37. Bxd4 Rxd4 38. Rxa5 Kd6 39. Rh5 Rf4
1/2-1/2

[Event "21.Wörishofen-Seniorenen op"]
[Site "Bad Wörishofen (03.03.-11.03)"]
[Date "2005.03.07"]
[Round "5.25"]
[White "Hommann, Horst"]
[Black "Niebaum, Karl"]
[Result "1/2-1/2"]
[WhiteElo "1609"]
[BlackElo "1774"]
[PlyCount "42"]
[EventDate "2005.03.??"]
[Source "Chessorg"]
[SourceDate "2005.12.10"]

1. Nf3 d5 2. d4 Nf6 3. c4 e6 4. Nc3 Nbd7 5. e3 c6 6. cxd5 exd5 7. a3 Bd6 8. Bd3
O-O 9. O-O Re8 10. Re1 Ne4 11. Qc2 Ndf6 12. Bf1 Bg4 13. Be2 Bh5 14. Nd2 Bxh2+
15. Kxh2 Ng4+ 16. Bxg4 Qh4+ 17. Bh3 Qxf2 18. Ncxe4 Qxe1 19. Ng3 Bg6 20. Nf3
Qxg3+ 21. Kxg3 Bxc2 1/2-1/2

[Event "21.Wörishofen-Seniorenen op"]
[Site "Bad Wörishofen (03.03.-11.03)"]
[Date "2005.03.07"]
[Round "5.26"]
[White "Litterst, Reinhard"]
[Black "Will, Michael[40Naumb]"]
[Result "1/2-1/2"]
[WhiteElo "1843"]
[BlackElo "1753"]
[PlyCount "75"]
[EventDate "2005.03.??"]
[Source "Chessorg"]
[SourceDate "2005.12.10"]

1. d4 g6 2. c4 Bg7 3. Nf3 d6 4. Nc3 Nf6 5. e4 Bg4 6. Be2 O-O 7. O-O c6 8. Be3
Nbd7 9. Rc1 Rc8 10. h3 Bxf3 11. Bxf3 e5 12. d5 c5 13. Qd2 Ne8 14. Be2 Nc7 15.
Kh1 Qe7 16. a3 h5 17. Bh6 Kh7 18. Bxg7 Kxg7 19. f4 exf4 20. Rxf4 Ne5 21. Rcf1
f6 22. Qe1 Rf7 23. Qg3 Rh8 24. h4 Kf8 25. Kg1 Ke8 26. Qf2 Rhf8 27. b4 Na6 28.
b5 Nc7 29. a4 f5 30. exf5 Rxf5 31. Qg3 Rxf4 32. Rxf4 Rxf4 33. Qxf4 Qf7 34. Qg5
Qe7 35. Qg3 a5 36. Bd3 Nxd3 37. Qxg6+ Kd8 38. Qxd3 1/2-1/2

[Event "21.Wörishofen-Seniorenen op"]
[Site "Bad Wörishofen (03.03.-11.03)"]
[Date "2005.03.07"]
[Round "5.27"]
[White "Josting, Friedel"]
[Black "Weigel, Herbert"]
[Result "1/2-1/2"]
[WhiteElo "1886"]
[BlackElo "1948"]
[PlyCount "48"]
[EventDate "2005.03.??"]
[Source "Chessorg"]
[SourceDate "2005.12.10"]

1. d4 d5 2. Nf3 Nf6 3. Bg5 Ne4 4. Bf4 c5 5. e3 Qb6 6. Qc1 Nc6 7. c3 e6 8. Nbd2
Nxd2 9. Qxd2 Bd7 10. Rc1 Rc8 11. Bd3 Be7 12. O-O O-O 13. Rfe1 Bf6 14. Qe2 cxd4
15. exd4 g6 16. h4 h5 17. Ng5 Qd8 18. g3 Re8 19. Qf3 Rf8 20. Bd6 Be7 21. Bxe7
Qxe7 22. Qe3 Kg7 23. f4 Rce8 24. Rc2 Qd6 1/2-1/2

[Event "21.Wörishofen-Seniorenen op"]
[Site "Bad Wörishofen (03.03.-11.03)"]
[Date "2005.03.07"]
[Round "5.28"]
[White "Dinser, Hans"]
[Black "Schurig, Wilhelm"]
[Result "1/2-1/2"]
[WhiteElo "1875"]
[BlackElo "1970"]
[PlyCount "117"]
[EventDate "2005.03.??"]
[Source "Chessorg"]
[SourceDate "2005.12.10"]

1. d4 g6 2. c4 Bg7 3. e4 d6 4. Nc3 c6 5. Nge2 Nf6 6. f3 Nbd7 7. Ng3 O-O 8. Be3
e5 9. dxe5 Nxe5 10. Be2 Be6 11. b3 Qa5 12. Bd2 Qc7 13. Rc1 h5 14. Bg5 Nh7 15.
Be3 Qe7 16. O-O Rfd8 17. Nxh5 gxh5 18. Bf2 Bh6 19. Rc2 Ng6 20. g3 h4 21. f4 Bh3
22. Re1 Bxf4 23. Bg4 Bxg4 24. Qxg4 hxg3 25. hxg3 Be5 26. Be3 Qe6 27. Qf3 Qf6
28. Bf4 Bxf4 29. gxf4 Qxf4 30. Qd1 Kh8 31. Rf1 Qg3+ 32. Kh1 Ne5 33. Rh2 Rg8 34.
Qh5 Rg7 35. Rh3 Qg5 36. Qe2 Rag8 37. Nd1 Qg4 38. Qxg4 Nxg4 39. a4 Rg6 40. Rxf7
Ngf6 41. Ne3 Rg1+ 42. Kh2 R8g6 43. Rxf6 Rg8 44. Rf7 R1g7 45. Rxg7 Rxg7 46. Nf5
Rg6 47. Rh6 Rxh6+ 48. Nxh6 Ng5 49. Kg3 Nxe4+ 50. Kf4 Nc5 51. Nf7+ Kg7 52. Nxd6
Kf6 53. Ne4+ Nxe4 54. Kxe4 Ke6 55. Kd4 b6 56. b4 a6 57. a5 c5+ 58. bxc5 bxa5
59. Kc3 1/2-1/2

[Event "21.Wörishofen-Seniorenen op"]
[Site "Bad Wörishofen (03.03.-11.03)"]
[Date "2005.03.07"]
[Round "5.30"]
[White "Huhn, Ulrich"]
[Black "Ganslmayer, Herbert"]
[Result "1/2-1/2"]
[WhiteElo "1708"]
[BlackElo "1855"]
[PlyCount "23"]
[EventDate "2005.03.??"]
[Source "Chessorg"]
[SourceDate "2005.12.10"]

1. d4 d5 2. Nc3 e6 3. Nf3 Bd6 4. e4 Bb4 5. e5 Nd7 6. a3 Ba5 7. b4 Bb6 8. Na4 a5
9. Nxb6 Nxb6 10. Bd2 axb4 11. axb4 Bd7 12. Bg5 1/2-1/2

[Event "21.Wörishofen-Seniorenen op"]
[Site "Bad Wörishofen (03.03.-11.03)"]
[Date "2005.03.07"]
[Round "5.31"]
[White "Born, Bernd-Ludger,Dr."]
[Black "Reichwald, Klaus"]
[Result "1-0"]
[WhiteElo "1954"]
[BlackElo "1716"]
[PlyCount "75"]
[EventDate "2005.03.??"]
[Source "Chessorg"]
[SourceDate "2005.12.10"]

1. d4 Nf6 2. c4 g6 3. g3 Bg7 4. Bg2 c6 5. Nf3 O-O 6. O-O d6 7. Nc3 Nbd7 8. e4
Qc7 9. h3 e5 10. Be3 Re8 11. Qc2 a6 12. a4 exd4 13. Nxd4 Ne5 14. b3 c5 15. Nde2
Bd7 16. Rad1 Rad8 17. Nf4 Bc6 18. Nfd5 Nxd5 19. Nxd5 Bxd5 20. exd5 f5 21. Rfe1
a5 22. Re2 Rf8 23. Rde1 h6 24. Bc1 g5 25. f4 gxf4 26. gxf4 Ng6 27. Qd3 Bd4+ 28.
Kh2 b6 29. Re6 Qg7 30. Qg3 Kh7 31. Bf1 Rg8 32. Bd3 Qf7 33. R1e2 Ne5 34. Rxh6+
Kxh6 35. Qh4+ Kg7 36. fxe5 Bxe5+ 37. Rxe5 dxe5 38. Qh6# 1-0

[Event "21.Wörishofen-Seniorenen op"]
[Site "Bad Wörishofen (03.03.-11.03)"]
[Date "2005.03.07"]
[Round "5.32"]
[White "Wawrinsky, Ludwig"]
[Black "Nietsch, Horst"]
[Result "0-1"]
[WhiteElo "1703"]
[BlackElo "1905"]
[PlyCount "82"]
[EventDate "2005.03.??"]
[Source "Chessorg"]
[SourceDate "2005.12.10"]

1. e4 e6 2. d4 d5 3. Nd2 c5 4. c3 dxe4 5. dxc5 e3 6. Bb5+ Nc6 7. fxe3 Bxc5 8.
Bxc6+ bxc6 9. Qf3 Ne7 10. Ne2 O-O 11. O-O Ba6 12. Kh1 Qd3 13. Nd4 Nf5 14. e4
Ne3 15. N2b3 Bxd4 16. Bxe3 Bxe3 17. Rfe1 Bb6 18. Qg4 Rad8 19. h4 Qd7 20. h5 h6
21. Qh4 e5 22. a4 Bc4 23. a5 Bxb3 24. axb6 axb6 25. Ra6 Qb7 26. Ra3 Be6 27.
Raa1 f6 28. Re3 Rd2 29. b4 Rfd8 30. Rg3 Kh8 31. Kh2 R2d3 32. Rg6 Kh7 33. Rf1
Rf8 34. Qe1 Qe7 35. Qf2 Bf7 36. Qe2 Qd6 37. Qf2 Bxg6 38. hxg6+ Kh8 39. Qb2 Rd2
40. Qa1 Qd7 41. c4 Qg4 0-1

[Event "21.Wörishofen-Seniorenen op"]
[Site "Bad Wörishofen (03.03.-11.03)"]
[Date "2005.03.07"]
[Round "5.33"]
[White "Kreie, Guenter"]
[Black "Weber, Gerhard,Dr.[34Levk]"]
[Result "1-0"]
[WhiteElo "1847"]
[BlackElo "1783"]
[PlyCount "58"]
[EventDate "2005.03.??"]
[Source "Chessorg"]
[SourceDate "2005.12.10"]

1. e4 e5 2. Nf3 Nc6 3. Bc4 Nf6 4. d3 Be7 5. O-O O-O 6. Nc3 d6 7. h3 Be6 8. Bb3
Qd7 9. Be3 a5 10. Ba4 Qc8 11. Nd5 Nxd5 12. exd5 Bxd5 13. c3 Nd8 14. c4 Bc6 15.
Bc2 Bf6 16. d4 exd4 17. Nxd4 g6 18. f4 Re8 19. Qd2 Be4 20. Bxe4 Rxe4 21. Qd3
Re8 22. f5 Be5 23. Rf2 Nc6 24. Nxc6 bxc6 25. Raf1 Qd7 26. Bd4 Re7 27. Bxe5 dxe5
28. Qd2 Rf8 29. Qxd7 Rxd7 1-0

[Event "21.Wörishofen-Seniorenen op"]
[Site "Bad Wörishofen (03.03.-11.03)"]
[Date "2005.03.07"]
[Round "5.34"]
[White "Schuller, Erhard"]
[Black "Rueggeberg, Wilhelm"]
[Result "0-1"]
[WhiteElo "1639"]
[BlackElo "1801"]
[PlyCount "104"]
[EventDate "2005.03.??"]
[Source "Chessorg"]
[SourceDate "2005.12.10"]

1. e4 c5 2. Nf3 Nc6 3. d4 cxd4 4. Nxd4 Nf6 5. Nc3 d6 6. Bb5 Bd7 7. Bg5 e6 8.
Qd2 a6 9. Bxc6 bxc6 10. O-O Be7 11. Kh1 Ng4 12. Bxe7 Qxe7 13. f3 Nf6 14. b3 O-O
15. a4 Rfd8 16. Nde2 e5 17. Rad1 Be6 18. Ng3 h6 19. Qe2 Qc7 20. Rfe1 Re8 21.
Rd2 Qa5 22. Rd3 d5 23. exd5 Bxd5 24. Nce4 Bxe4 25. fxe4 Rad8 26. Red1 Rxd3 27.
Rxd3 Rd8 28. h3 Rd4 29. c3 Rxd3 30. Qxd3 Qb6 31. b4 g6 32. a5 Qb5 33. Qxb5 cxb5
34. h4 h5 35. Kg1 Kf8 36. Kf1 Ke7 37. Ke2 Ne8 38. Kd3 Nd6 39. Nf1 Ke6 40. g3 f5
41. exf5+ gxf5 42. Ne3 f4 43. gxf4 exf4 44. Nc2 Kf5 45. Nd4+ Kg4 46. Ne6 Kg3
47. Nxf4 Kxf4 48. Kd4 Kg4 49. Ke5 Nc4+ 50. Kd5 Kxh4 51. Kc6 Kg3 52. Kb7 h4 0-1

[Event "21.Wörishofen-Seniorenen op"]
[Site "Bad Wörishofen (03.03.-11.03)"]
[Date "2005.03.07"]
[Round "5.35"]
[White "Frey, Walter"]
[Black "Xander, Karl,Dr."]
[Result "1/2-1/2"]
[WhiteElo "1707"]
[BlackElo "1886"]
[PlyCount "33"]
[EventDate "2005.03.??"]
[Source "Chessorg"]
[SourceDate "2005.12.10"]

1. Nf3 d5 2. d4 Nf6 3. Bf4 e6 4. e3 Bb4+ 5. c3 Be7 6. h3 O-O 7. Nbd2 Nbd7 8.
Ne5 c5 9. Bd3 Qb6 10. Qb3 Qxb3 11. axb3 Nxe5 12. Bxe5 Nd7 13. Bh2 f6 14. Nf3 b6
15. O-O Bb7 16. Rfe1 f5 17. Ne5 1/2-1/2

[Event "21.Wörishofen-Seniorenen op"]
[Site "Bad Wörishofen (03.03.-11.03)"]
[Date "2005.03.07"]
[Round "5.36"]
[White "Bartlitz, Heinz"]
[Black "Selg, Rudolf"]
[Result "1/2-1/2"]
[WhiteElo "1567"]
[BlackElo "1807"]
[PlyCount "49"]
[EventDate "2005.03.??"]
[Source "Chessorg"]
[SourceDate "2005.12.10"]

1. e4 d5 2. exd5 Qxd5 3. Nc3 Qa5 4. g3 Nf6 5. Bg2 c6 6. h3 Bf5 7. d3 e6 8. Bd2
Nbd7 9. Ne4 Qc7 10. Nxf6+ Nxf6 11. Nf3 Bd6 12. O-O h6 13. Re1 O-O-O 14. Bc3 Nd7
15. a4 Rhg8 16. b4 g5 17. Nd4 g4 18. h4 Nb6 19. Nxf5 exf5 20. Bf6 Rde8 21.
Rxe8+ Rxe8 22. Qd2 h5 23. Re1 Rxe1+ 24. Qxe1 Qd7 25. a5 1/2-1/2

[Event "21.Wörishofen-Seniorenen op"]
[Site "Bad Wörishofen (03.03.-11.03)"]
[Date "2005.03.07"]
[Round "5.37"]
[White "Richter, Gerhard,Dr.[28Marb]"]
[Black "Diete, Guenter"]
[Result "1/2-1/2"]
[WhiteElo "1757"]
[BlackElo "1696"]
[PlyCount "73"]
[EventDate "2005.03.??"]
[Source "Chessorg"]
[SourceDate "2005.12.10"]

1. e4 e5 2. Nf3 Nf6 3. Bc4 d6 4. d3 Be7 5. O-O O-O 6. h3 Bd7 7. Nbd2 Nc6 8. Bb3
Na5 9. Re1 Nxb3 10. axb3 b6 11. Nf1 a5 12. Ne3 h6 13. g4 Nh7 14. Nf5 Bg5 15.
Nxg5 Nxg5 16. Kg2 Nh7 17. Qf3 Re8 18. Qg3 Re6 19. Bd2 g5 20. Rh1 Rg6 21. f3 f6
22. h4 Bxf5 23. exf5 Rg7 24. hxg5 hxg5 25. Rh6 Qd7 26. Rah1 c5 27. Qh3 Ra7 28.
Qh5 Qf7 29. Rg6 Kf8 30. Qh6 Ke8 31. c4 Rd7 32. Re1 Kd8 33. Re2 Kc7 34. Be1 Qg8
35. Rxg7 Qxg7 36. Qxg7 Rxg7 37. Kg3 1/2-1/2

[Event "21.Wörishofen-Seniorenen op"]
[Site "Bad Wörishofen (03.03.-11.03)"]
[Date "2005.03.07"]
[Round "5.38"]
[White "Dombrowe, Eckehard"]
[Black "Schulte, Hans,Dr."]
[Result "1/2-1/2"]
[WhiteElo "1631"]
[BlackElo "1756"]
[PlyCount "39"]
[EventDate "2005.03.??"]
[Source "Chessorg"]
[SourceDate "2005.12.10"]

1. Nf3 Nf6 2. d4 e6 3. e3 d5 4. c4 c6 5. Bd2 Nbd7 6. cxd5 exd5 7. Bd3 Ne4 8.
Nc3 f5 9. O-O Bd6 10. a3 O-O 11. Bc2 Qe7 12. Bb3 Kh8 13. Ne2 Ndf6 14. Nf4 Bd7
15. Rc1 Rae8 16. Nd3 Bc8 17. Bb4 Bxb4 18. Nxb4 Ng4 19. Nd3 Nd6 20. Nde5 1/2-1/2

[Event "21.Wörishofen-Seniorenen op"]
[Site "Bad Wörishofen (03.03.-11.03)"]
[Date "2005.03.07"]
[Round "5.39"]
[White "Neumann, Erwin"]
[Black "Winkler, Karl-Heinz[32A'see]"]
[Result "1-0"]
[WhiteElo "1769"]
[BlackElo "1634"]
[PlyCount "59"]
[EventDate "2005.03.??"]
[Source "Chessorg"]
[SourceDate "2005.12.10"]

1. e4 e5 2. d4 exd4 3. Nf3 d5 4. Qxd4 c5 5. Qxd5 Qxd5 6. exd5 Bd6 7. Nbd2 Bf5
8. Bb5+ Nd7 9. Nc4 Be7 10. O-O a6 11. Bxd7+ Bxd7 12. Re1 Kf8 13. d6 Bf6 14. Be3
b5 15. Nb6 Rd8 16. Bxc5 g6 17. Ne5 Bxe5 18. Rxe5 Kg7 19. Nxd7 Rxd7 20. Rae1 Nf6
21. Bb4 Rc8 22. Rc5 Rxc5 23. Bxc5 Kf8 24. Be3 Kg7 25. Bc5 Kf8 26. b3 Kg7 27. c4
Rd8 28. Ba3 bxc4 29. bxc4 Rd7 30. c5 1-0

[Event "21.Wörishofen-Seniorenen op"]
[Site "Bad Wörishofen (03.03.-11.03)"]
[Date "2005.03.07"]
[Round "5.40"]
[White "Tochtermann, Georg,Dr."]
[Black "Kaiser, Hans[35BGladbach]"]
[Result "1-0"]
[WhiteElo "1789"]
[BlackElo "1612"]
[PlyCount "69"]
[EventDate "2005.03.??"]
[Source "Chessorg"]
[SourceDate "2005.12.10"]

1. e4 c5 2. c4 Nc6 3. Nc3 d6 4. g3 g6 5. Bg2 Bg7 6. Nge2 Nd4 7. O-O e6 8. d3
Ne7 9. h3 O-O 10. Be3 Nec6 11. Qd2 Nxe2+ 12. Nxe2 Qb6 13. Rab1 Qb4 14. Qc2 Rb8
15. a3 Qa5 16. Rfd1 e5 17. Bd2 Qc7 18. b4 b6 19. b5 Nd4 20. Nxd4 exd4 21. a4 a5
22. f4 Bb7 23. Rf1 f5 24. Rbe1 Rbe8 25. exf5 Bxg2 26. Kxg2 gxf5 27. Qd1 Qb7+
28. Qf3 Qxf3+ 29. Kxf3 h5 30. Rxe8 Rxe8 31. Re1 Rxe1 32. Bxe1 Kf7 33. Bxa5 d5
34. Bxb6 dxc4 35. dxc4 1-0

[Event "21.Wörishofen-Seniorenen op"]
[Site "Bad Wörishofen (03.03.-11.03)"]
[Date "2005.03.07"]
[Round "5.41"]
[White "Lange, Detlef"]
[Black "Paulsen, Eckart"]
[Result "0-1"]
[WhiteElo "1635"]
[BlackElo "1636"]
[PlyCount "52"]
[EventDate "2005.03.??"]
[Source "Chessorg"]
[SourceDate "2005.12.10"]

1. e4 e6 2. d4 d5 3. e5 c5 4. c3 Nc6 5. Nf3 Qb6 6. a3 c4 7. Be2 f6 8. exf6 Nxf6
9. Nbd2 Bd6 10. b3 cxb3 11. Nxb3 O-O 12. c4 dxc4 13. Bxc4 Na5 14. Nxa5 Qxa5+
15. Bd2 Qf5 16. Qe2 Kh8 17. Bd3 Qd5 18. Bc4 Qc6 19. Bb5 Qd5 20. Bc4 Qe4 21. Bd3
Qxe2+ 22. Kxe2 Bd7 23. Ne5 Rad8 24. Bb4 Bxb4 25. axb4 a6 26. Be4 Nxe4 0-1

[Event "21.Wörishofen-Seniorenen op"]
[Site "Bad Wörishofen (03.03.-11.03)"]
[Date "2005.03.07"]
[Round "5.42"]
[White "Herzel, Alois,Dr."]
[Black "Dietze, Otto"]
[Result "1/2-1/2"]
[WhiteElo "1714"]
[BlackElo "1536"]
[PlyCount "45"]
[EventDate "2005.03.??"]
[Source "Chessorg"]
[SourceDate "2005.12.10"]

1. d4 Nf6 2. c4 g6 3. Nc3 Bg7 4. e4 d6 5. f3 O-O 6. Be3 Nbd7 7. Qd2 e5 8. d5 b6
9. Bd3 Nc5 10. Bc2 a5 11. b3 Bd7 12. O-O-O Nh5 13. Nge2 f5 14. exf5 Bxf5 15.
Bxf5 gxf5 16. Bh6 f4 17. Bxg7 Nxg7 18. g4 Qe7 19. Qc2 Qf6 20. Ne4 Nxe4 21. Qxe4
Qg6 22. Nc3 Qxe4 23. Nxe4 1/2-1/2

[Event "21.Wörishofen-Seniorenen op"]
[Site "Bad Wörishofen (03.03.-11.03)"]
[Date "2005.03.07"]
[Round "5.43"]
[White "Winkler, Hans"]
[Black "Mittelsteiner, Horst"]
[Result "1/2-1/2"]
[WhiteElo "1709"]
[BlackElo "1614"]
[PlyCount "73"]
[EventDate "2005.03.??"]
[Source "Chessorg"]
[SourceDate "2005.12.10"]

1. c4 e5 2. Nc3 Nf6 3. Nf3 Nc6 4. g3 d5 5. cxd5 Nxd5 6. Bg2 Nb6 7. O-O Be7 8.
Rb1 a5 9. b3 O-O 10. Bb2 f5 11. d3 Bf6 12. Nd2 g6 13. Nb5 Nd4 14. Nxd4 exd4 15.
Qc2 c6 16. Nf3 Re8 17. Rfe1 Be6 18. Qc5 Bd5 19. Bxd4 Bxd4 20. Nxd4 Bxg2 21.
Kxg2 Qd5+ 22. Qxd5+ Nxd5 23. Rbc1 a4 24. Kf3 axb3 25. axb3 Kf7 26. h4 h5 27.
Rc4 Kf6 28. Nc2 Ra2 29. Nd4 Rb2 30. e4 fxe4+ 31. dxe4 Nc7 32. Re3 Re5 33. Ne2
Ne6 34. Nf4 Rb5 35. Nxe6 Kxe6 36. Rcc3 Ke5 37. Red3 1/2-1/2

[Event "21.Wörishofen-Seniorenen op"]
[Site "Bad Wörishofen (03.03.-11.03)"]
[Date "2005.03.07"]
[Round "5.45"]
[White "Richter, Helmut[27Mühlacker]"]
[Black "Wolf, Margot"]
[Result "1-0"]
[WhiteElo "1692"]
[BlackElo "1321"]
[PlyCount "35"]
[EventDate "2005.03.??"]
[Source "Chessorg"]
[SourceDate "2005.12.10"]

1. c4 e6 2. e3 d5 3. Nf3 Nf6 4. Nc3 Be7 5. b3 O-O 6. Bb2 c6 7. d4 b6 8. Be2 Ba6
9. O-O Qc7 10. Rc1 Rd8 11. cxd5 Bxe2 12. Qxe2 exd5 13. Ne5 Nbd7 14. Nb5 Qb7 15.
Nxc6 Re8 16. Nxe7+ Rxe7 17. Nd6 Qb8 18. Rc8+ 1-0

[Event "21.Wörishofen-Seniorenen op"]
[Site "Bad Wörishofen (03.03.-11.03)"]
[Date "2005.03.07"]
[Round "5.46"]
[White "Czeitschner, Roland"]
[Black "Erler, Klaus-Juergen"]
[Result "1/2-1/2"]
[WhiteElo "1766"]
[BlackElo "1569"]
[PlyCount "109"]
[EventDate "2005.03.??"]
[Source "Chessorg"]
[SourceDate "2005.12.10"]

1. b4 g6 2. Bb2 Nf6 3. e4 d6 4. c4 Bg7 5. d3 O-O 6. Nf3 c6 7. Be2 Qb6 8. Qd2 a5
9. a3 axb4 10. Qxb4 Qxb4+ 11. axb4 Rxa1 12. Bxa1 Na6 13. Bc3 Bd7 14. Nbd2 Ra8
15. O-O Nh5 16. Bxg7 Kxg7 17. Rb1 Nf4 18. Bf1 Nc7 19. g3 Nh3+ 20. Kg2 f6 21. c5
h6 22. Nc4 Ra2 23. Rb2 Rxb2 24. Nxb2 Ne6 25. Nc4 Neg5 26. cxd6 exd6 27. Nxd6 b5
28. Nb7 Ne6 29. d4 Kf8 30. Nc5 Nxc5 31. dxc5 g5 32. Nd4 g4 33. f3 gxf3+ 34.
Kxf3 Ng5+ 35. Kf4 Ke7 36. Nf5+ Bxf5 37. Kxf5 Nf3 38. h4 Kf7 39. Kg4 Ne1 40. Kh5
Nc2 41. Kxh6 Nxb4 42. g4 Na6 43. g5 fxg5 44. hxg5 Kg8 45. g6 Nxc5 46. e5 Ne6
47. Bh3 Ng7 48. Bd7 b4 49. Bxc6 Nf5+ 50. Kg5 Ne7 51. Ba4 Kg7 52. Bc2 b3 53.
Bxb3 Nxg6 54. Kf5 Nxe5 55. Kxe5 1/2-1/2

[Event "21.Wörishofen-Seniorenen op"]
[Site "Bad Wörishofen (03.03.-11.03)"]
[Date "2005.03.07"]
[Round "5.47"]
[White "Wohlfart, Karl-Heinz"]
[Black "Hausner, Alfreda"]
[Result "1/2-1/2"]
[WhiteElo "1774"]
[BlackElo "1765"]
[PlyCount "42"]
[EventDate "2005.03.??"]
[Source "Chessorg"]
[SourceDate "2005.12.10"]

1. Nf3 d5 2. g3 c6 3. Bg2 Nf6 4. O-O Nbd7 5. d3 e5 6. Nbd2 Bd6 7. e4 O-O 8. Qe2
Re8 9. Re1 Qc7 10. b3 d4 11. Nc4 Bb4 12. Rf1 b5 13. Ncd2 Bc3 14. Rb1 Bb4 15. a3
Bd6 16. b4 Nb6 17. Nb3 Na4 18. Bd2 Be6 19. Na5 Bg4 20. h3 Bh5 21. Kh1 a6
1/2-1/2

[Event "21.Wörishofen-Seniorenen op"]
[Site "Bad Wörishofen (03.03.-11.03)"]
[Date "2005.03.07"]
[Round "5.48"]
[White "Molez, Karl"]
[Black "Miessner, Rolf"]
[Result "1-0"]
[WhiteElo "1842"]
[BlackElo "1695"]
[PlyCount "83"]
[EventDate "2005.03.??"]
[Source "Chessorg"]
[SourceDate "2005.12.10"]

1. d4 Nf6 2. c4 e6 3. Nc3 d5 4. Nf3 Nbd7 5. e3 c6 6. Be2 Be7 7. O-O O-O 8. b3
Re8 9. Bb2 b6 10. Rc1 Bb7 11. cxd5 cxd5 12. Nb5 Rc8 13. Rc2 Rxc2 14. Qxc2 a6
15. Nc7 Qc8 16. Rc1 Rf8 17. Qd3 Qb8 18. Nxa6 Bxa6 19. Qxa6 Qa8 20. Qxa8 Rxa8
21. a4 Bb4 22. Bb5 Kf8 23. Rc7 Rd8 24. Kf1 Bd6 25. Rc2 Ne8 26. Ke2 f6 27. Bd3
g6 28. Rc6 Ke7 29. e4 Bb4 30. e5 Rb8 31. exf6+ Kxf6 32. h4 Ke7 33. Bc1 Bd6 34.
h5 Nf8 35. Ne5 Bxe5 36. dxe5 gxh5 37. Bg5+ Kf7 38. Be3 Nd7 39. f4 Nc5 40. Bxh7
Nxb3 41. Rxb6 Rxb6 42. Bxb6 1-0

[Event "21.Wörishofen-Seniorenen op"]
[Site "Bad Wörishofen (03.03.-11.03)"]
[Date "2005.03.07"]
[Round "5.49"]
[White "Scheidt, Eugen"]
[Black "Lubberich, Alfred,Dr."]
[Result "1-0"]
[WhiteElo "1738"]
[BlackElo "1667"]
[PlyCount "65"]
[EventDate "2005.03.??"]
[Source "Chessorg"]
[SourceDate "2005.12.10"]

1. e4 c5 2. Nc3 e6 3. g3 d5 4. exd5 exd5 5. d4 Nf6 6. Nge2 Bg4 7. Bg2 cxd4 8.
Qxd4 Nc6 9. Qa4 Be7 10. Bg5 Bxe2 11. Kxe2 O-O 12. Rhe1 Ne4 13. Nxe4 Bxg5 14.
Nxg5 Qxg5 15. Kf1 a6 16. Qb3 Nd4 17. Qd3 Qf6 18. Rad1 Nc6 19. c3 Rad8 20. Qf3
Qh6 21. Rxd5 Rxd5 22. Qxd5 g5 23. Qd7 Qf6 24. Qg4 Rd8 25. Bxc6 bxc6 26. h4 h6
27. hxg5 hxg5 28. Kg2 Rd2 29. Re8+ Kg7 30. Re2 Rd1 31. f4 Kg6 32. Rf2 Qf5 33.
Qxd1 1-0

[Event "21.Wörishofen-Seniorenen op"]
[Site "Bad Wörishofen (03.03.-11.03)"]
[Date "2005.03.07"]
[Round "5.50"]
[White "Schielke, Klaus"]
[Black "Westermayer, Hans[Johann]"]
[Result "1/2-1/2"]
[WhiteElo "1438"]
[BlackElo "1509"]
[PlyCount "26"]
[EventDate "2005.03.??"]
[Source "Chessorg"]
[SourceDate "2005.12.10"]

1. d4 d5 2. Nf3 Nf6 3. e3 c5 4. b3 cxd4 5. exd4 Bg4 6. Be2 e6 7. O-O Nc6 8. Bb2
Bd6 9. Nbd2 Qc7 10. h3 Bh5 11. Rc1 Rc8 12. Re1 O-O 13. c4 dxc4 1/2-1/2

[Event "21.Wörishofen-Seniorenen op"]
[Site "Bad Wörishofen (03.03.-11.03)"]
[Date "2005.03.07"]
[Round "5.51"]
[White "Gehrmann, Dorit"]
[Black "Sieghardt, Walter"]
[Result "1-0"]
[WhiteElo "1890"]
[BlackElo "1513"]
[PlyCount "75"]
[EventDate "2005.03.??"]
[Source "Chessorg"]
[SourceDate "2005.12.10"]

1. e4 e6 2. d4 d5 3. Nc3 Nf6 4. e5 Nfd7 5. Qg4 c5 6. Be3 cxd4 7. Bxd4 Nc6 8.
Nf3 a6 9. Bd3 Nxd4 10. Qxd4 Bc5 11. Qg4 O-O 12. O-O f5 13. exf6 Nxf6 14. Qh4
Be7 15. Qg3 Qe8 16. Qe5 Nd7 17. Qxe6+ Kh8 18. Nxd5 Bd8 19. Qxe8 Rxe8 20. Rfe1
Rf8 21. Ne7 Nf6 22. Nxc8 Rxc8 23. h3 g6 24. Re6 Kg7 25. Rae1 Rc7 26. Ng5 Rd7
27. R6e2 Kh6 28. Ne6 Re8 29. Nxd8 Rexd8 30. Re7 Nd5 31. Rxd7 Rxd7 32. a3 Nf4
33. Re3 g5 34. g3 Nh5 35. Be2 Rd2 36. Bd3 Rd1+ 37. Kg2 Nf6 38. Re7 1-0

[Event "21.Wörishofen-Seniorenen op"]
[Site "Bad Wörishofen (03.03.-11.03)"]
[Date "2005.03.07"]
[Round "5.53"]
[White "Duer, Maria"]
[Black "Luebbers, Doris,Dr."]
[Result "1/2-1/2"]
[WhiteElo "1694"]
[BlackElo "1414"]
[PlyCount "124"]
[EventDate "2005.03.??"]
[Source "Chessorg"]
[SourceDate "2005.12.10"]

1. d4 d5 2. Nf3 Nf6 3. Nbd2 e6 4. a3 c5 5. c3 Nbd7 6. e3 Be7 7. dxc5 Bxc5 8.
Nb3 Be7 9. Be2 b6 10. O-O O-O 11. h3 Bb7 12. Qc2 Qc8 13. Rd1 Ba6 14. Bxa6 Qxa6
15. Nbd4 Rac8 16. b3 Qb7 17. Bb2 Ne4 18. Rac1 Ndf6 19. Qd3 Rfd8 20. Rc2 Nc5 21.
Qe2 Nce4 22. Rdc1 Rc5 23. c4 dxc4 24. Rxc4 Rdc8 25. b4 Rxc4 26. Rxc4 Nd6 27.
Rxc8+ Qxc8 28. Nd2 Nde4 29. Nxe4 Nxe4 30. Qd3 Nd6 31. Ne2 h6 32. g3 a6 33. Bd4
b5 34. Bc5 Qc7 35. Kh2 Nb7 36. Bxe7 Qxe7 37. Qd4 Qd8 38. Qa7 Nd6 39. Qxa6 Kf8
40. Nd4 Qd7 41. Qa8+ Qe8 42. Qxe8+ Kxe8 43. Kg2 Kd7 44. f4 Kc7 45. Kf3 Kb6 46.
e4 g6 47. g4 Nc4 48. Nc2 Nd2+ 49. Ke3 Nc4+ 50. Kd4 f6 51. Kc3 e5 52. fxe5 fxe5
53. a4 Nd6 54. a5+ Ka6 55. Kd3 Nc4 56. Ne3 Nxe3 57. Kxe3 Kb7 58. Kf3 Ka6 59.
Kg3 Kb7 60. Kh4 Ka6 61. Kg3 g5 62. h4 Kb7 1/2-1/2